[Event "62nd DEN-ch"]
[Site "Copenhagen DEN"]
[Date "1983.??.??"]
[Round "6"]
[White "Pedersen, Erik"]
[Black "Iskov, Gert"]
[WhiteElo "2340"]
[BlackElo "2360"]
[Result "1-0"]
[EventDate "1983.01.01"]
[PlyCount "69"]
[EventCategory "5"]
[Source "ChessBase"]
[SourceDate "1999.07.01"]

1. d4 Nf6 2. Nf3 g6 3. Bf4 Bg7 4. e3 O-O 5. Be2 c5 6. O-O b6 7. c4 d6 8. Nc3
Bb7 9. d5 Nh5 10. Bg5 h6 11. Bh4 g5 12. Nd2 gxh4 13. Bxh5 Nd7 14. f4 Kh8 15.
Qe1 h3 16. g4 Nf6 17. Qh4 e6 18. e4 Nxg4 19. Qxh3 Bd4+ 20. Kh1 Nf2+ 21. Rxf2
Bxf2 22. Nf3 Qf6 23. Rf1 Bd4 24. e5 dxe5 25. fxe5 Bxe5 26. Ne4 Qg7 27. Rg1 Qh7
28. Bg6 fxg6 29. Nxe5 g5 30. Nd6 exd5 31. Nd7 Bc6 32. Ne5 Bb7 33. Nd7 d4+ 34.
Nxb7 Qxd7 35. Qxd7 1-0

[Event "62nd DEN-ch"]
[Site "Copenhagen DEN"]
[Date "1983.??.??"]
[Round "6"]
[White "Schandorff, Lars"]
[Black "Sloth, Joern"]
[WhiteElo "2355"]
[BlackElo "2380"]
[Result "1/2-1/2"]
[EventDate "1983.01.01"]
[PlyCount "138"]
[EventCategory "5"]
[Source "ChessBase"]
[SourceDate "1999.07.01"]

1. c4 e6 2. Nf3 Nf6 3. g3 d5 4. Bg2 c6 5. b3 a5 6. Nc3 d4 7. Na4 b5 8. cxb5
cxb5 9. Nb2 Bb7 10. O-O Na6 11. Nd3 Nc5 12. Bb2 Nxd3 13. exd3 Bc5 14. Rc1 Bb6
15. Qe2 O-O 16. Qe5 Qd7 17. Nxd4 Bxg2 18. Kxg2 Bxd4 19. Qxd4 Qxd4 20. Bxd4 Rfd8
21. Be3 Rxd3 22. Rc5 Rd5 23. Rfc1 Rxc5 24. Rxc5 b4 25. Rb5 Nd5 26. Kf1 f6 27.
Bc5 h5 28. Ke2 Kh7 29. Rb7 a4 30. Bxb4 axb3 31. axb3 Nxb4 32. Rxb4 Kg6 33. h4
Kf5 34. Ke3 g5 35. f3 e5 36. g4+ Kg6 37. gxh5+ Kxh5 38. hxg5 Kxg5 39. Rb5 Rd8
40. b4 Kf5 41. Rb7 Rd4 42. b5 Rb4 43. Rb6 Rb3+ 44. Ke2 e4 45. fxe4+ Kxe4 46.
Rb8 Kd5 47. b6 Kc6 48. Rf8 f5 49. Rxf5 Kxb6 50. Rf3 Rb5 51. Rc3 Rh5 52. Rc8 Rh3
53. d3 Kb5 54. Rc4 Rg3 55. Kd2 Rh3 56. Kc3 Rh8 57. Kb3 Rh3 58. Kc3 Rh8 59. Rg4
Kc6 60. Kc4 Rh6 61. Rg5 Kd6 62. Ra5 Kd7 63. Ra7+ Kd8 64. d4 Rg6 65. Kc5 Rh6 66.
Rg7 Rf6 67. Kd5 Ra6 68. Ke5 Rb6 69. d5 Rh6 1/2-1/2

[Event "62nd DEN-ch"]
[Site "Copenhagen DEN"]
[Date "1983.??.??"]
[Round "7"]
[White "Hansen, Curt"]
[Black "Jakobsen, Ole"]
[WhiteElo "2450"]
[BlackElo "2445"]
[Result "1/2-1/2"]
[EventDate "1983.01.01"]
[PlyCount "165"]
[EventCategory "5"]
[Source "ChessBase"]
[SourceDate "1999.07.01"]

1. c4 e5 2. Nc3 Nf6 3. Nf3 Nc6 4. e3 d6 5. d3 g6 6. Be2 Bg7 7. O-O O-O 8. Rb1
d5 9. cxd5 Nxd5 10. a3 Be6 11. Ne4 a5 12. Bd2 Qe7 13. Qc2 Rfd8 14. Rbc1 h6 15.
Nc5 Bc8 16. Rfd1 b6 17. Na4 Bb7 18. Ne1 Rac8 19. Bf3 Qe8 20. Nc3 Nce7 21. Nxd5
Bxd5 22. b4 Bxf3 23. Nxf3 axb4 24. axb4 Qb5 25. Bc3 Nc6 26. Be1 Nxb4 27. Qb3 c5
28. Rc4 Ra8 29. Rb1 Ra4 30. h3 Qa5 31. Bxb4 Rxb4 32. Rxb4 cxb4 33. Qxb4 Qxb4
34. Rxb4 Rxd3 35. Rxb6 Rd1+ 36. Kh2 e4 37. Nd4 Bxd4 38. exd4 Rxd4 39. Kg3 Kg7
40. Kf4 Rc4 41. h4 h5 42. g3 Rc2 43. Ke3 f5 44. Rb7+ Kh6 45. Rf7 Rc3+ 46. Ke2
Rf3 47. Re7 Ra3 48. Rf7 Ra8 49. Ke3 Rd8 50. Re7 Rd3+ 51. Ke2 Rd6 52. Rf7 Rd8
53. Ke3 Rg8 54. f3 exf3 55. Kxf3 Rg7 56. Rf6 Re7 57. Rb6 Kg7 58. Kf4 Re4+ 59.
Kf3 Kf7 60. Ra6 Re6 61. Ra7+ Kf6 62. Kf4 Rb6 63. Ra5 Rb4+ 64. Kf3 Rg4 65. Ra6+
Kg7 66. Ra7+ Kh6 67. Rf7 Ra4 68. Ke3 Ra8 69. Kf4 Rg8 70. Ra7 Rg7 71. Ra6 Re7
72. Kf3 Kg7 73. Kf4 Re4+ 74. Kf3 Kf7 75. Rb6 Re6 76. Rb7+ Kf6 77. Kf4 Ra6 78.
Rb5 Ra4+ 79. Kf3 Re4 80. Ra5 Re5 81. Ra7 Re1 82. Ra5 Re6 83. Kf4 1/2-1/2

[Event "62nd DEN-ch"]
[Site "Copenhagen DEN"]
[Date "1983.??.??"]
[Round "7"]
[White "Iskov, Gert"]
[Black "Schandorff, Lars"]
[WhiteElo "2360"]
[BlackElo "2355"]
[Result "1/2-1/2"]
[EventDate "1983.01.01"]
[PlyCount "117"]
[EventCategory "5"]
[Source "ChessBase"]
[SourceDate "1999.07.01"]

1. e4 c5 2. Nf3 d6 3. d4 cxd4 4. Nxd4 Nf6 5. Nc3 a6 6. Be2 e5 7. Nb3 Be7 8. O-O
O-O 9. Be3 Be6 10. Qd2 Nc6 11. Rfd1 a5 12. a3 a4 13. Nc1 Qa5 14. f3 Rfd8 15.
N1a2 d5 16. Nxd5 Bxd5 17. exd5 Nxd5 18. Qxa5 Rxa5 19. Bd2 Raa8 20. Nc3 Bc5+ 21.
Kf1 Nxc3 22. Bxc3 Bd4 23. Bxd4 Nxd4 24. Bd3 Kf8 25. Rab1 Rd6 26. c3 Nb3 27. Bb5
Nd2+ 28. Ke1 Rb6 29. Rxd2 Rxb5 30. Rd7 Rc8 31. Kd1 Rxc3 32. Rc1 Rxc1+ 33. Kxc1
Rb6 34. Rd5 Rg6 35. g4 Rf6 36. Rxe5 Rxf3 37. Ra5 Rf4 38. h3 g6 39. Rb5 Rf1+ 40.
Kc2 Rf2+ 41. Kb1 Rh2 42. Rxb7 Rxh3 43. Rb4 h5 44. gxh5 Rxh5 45. Rxa4 f5 46. Rf4
Ke7 47. a4 Ke6 48. a5 g5 49. Ra4 g4 50. a6 Rh8 51. a7 Ra8 52. Kc2 g3 53. Kd3 g2
54. Ra1 Rxa7 55. Rg1 Rd7+ 56. Ke3 Ke5 57. Rxg2 f4+ 58. Ke2 Rb7 59. Kf1 1/2-1/2

[Event "62nd DEN-ch"]
[Site "Copenhagen DEN"]
[Date "1983.??.??"]
[Round "7"]
[White "Kristiansen, Jens"]
[Black "Brinck-Claussen, Bjoern"]
[WhiteElo "2445"]
[BlackElo "2380"]
[Result "0-1"]
[EventDate "1983.01.01"]
[PlyCount "98"]
[EventCategory "5"]
[Source "ChessBase"]
[SourceDate "1999.07.01"]

1. e4 e5 2. Nf3 Nc6 3. Bb5 a6 4. Ba4 Nf6 5. O-O Be7 6. Re1 b5 7. Bb3 d6 8. c3
O-O 9. h3 h6 10. d4 Re8 11. Nbd2 Bf8 12. a3 Na5 13. Ba2 c5 14. b4 cxb4 15. dxe5
bxc3 16. exf6 cxd2 17. Bxd2 Nc4 18. Bxc4 bxc4 19. fxg7 Bxg7 20. Rc1 Be6 21. Bc3
d5 22. Bxg7 Kxg7 23. Qd4+ Qf6 24. e5 Qe7 25. Rc3 Rg8 26. Qd2 Kh7 27. Kh2 Rg6
28. g3 Qd7 29. h4 Rg4 30. Nd4 Rag8 31. f4 Bf5 32. e6 fxe6 33. Re5 Be4 34. Nxe6
Qb5 35. Nc7 Qc5 36. Rxe4 dxe4 37. Nd5 Kh8 38. Nf6 Rxh4+ 39. Kg2 Qf5 40. Nxg8
Qh3+ 41. Kf2 Qh2+ 42. Ke3 Qxg3+ 43. Kd4 Qg7+ 44. Kxc4 Qxg8+ 45. Kc5 Rh5+ 46.
Kb6 Rd5 47. Qe2 Qb8+ 48. Kxa6 Qa8+ 49. Kb6 Qa5+ 0-1

[Event "62nd DEN-ch"]
[Site "Copenhagen DEN"]
[Date "1983.??.??"]
[Round "7"]
[White "Nilsson, Nils Specht"]
[Black "Pedersen, Erik"]
[WhiteElo "2255"]
[BlackElo "2340"]
[Result "1-0"]
[EventDate "1983.01.01"]
[PlyCount "103"]
[EventCategory "5"]
[Source "ChessBase"]
[SourceDate "1999.07.01"]

1. e4 c6 2. Nc3 d5 3. Nf3 dxe4 4. Nxe4 Nf6 5. Nxf6+ gxf6 6. b3 Bg4 7. Bb2 Nd7
8. Qe2 Qa5 9. h3 Bh5 10. Bc3 Qc7 11. g4 Bg6 12. Nh4 O-O-O 13. O-O-O e6 14. Bg2
Bd6 15. Kb2 Bf4 16. a4 e5 17. Nxg6 hxg6 18. Rhe1 Rhe8 19. a5 a6 20. Qc4 Nf8 21.
h4 Ne6 22. h5 Nd4 23. hxg6 fxg6 24. Be4 Qg7 25. Qc5 Re6 26. Qb6 Nb5 27. Bb4 Rd4
28. Bc5 Rxd2 29. Rxd2 Bxd2 30. Rd1 Bc3+ 31. Kc1 Bd4 32. Bxd4 exd4 33. c4 Qh6+
34. Kb2 Nd6 35. Qxd4 Qf4 36. Bxg6 Re2+ 37. Kc3 Qxd4+ 38. Rxd4 Kc7 39. Rf4 Re6
40. Bd3 c5 41. f3 Kd8 42. Be4 Ke7 43. b4 Re5 44. Bd5 Nb5+ 45. cxb5 Rxd5 46. Kc4
Rd2 47. Kxc5 axb5 48. Kxb5 Rd6 49. Ka4 Kd7 50. Rf5 Re6 51. Rb5 Kc7 52. Rb6 1-0

[Event "62nd DEN-ch"]
[Site "Copenhagen DEN"]
[Date "1983.??.??"]
[Round "7"]
[White "Noergaard, Jesper"]
[Black "Fries-Nielsen, Jens Ove"]
[WhiteElo "2260"]
[BlackElo "2440"]
[Result "1/2-1/2"]
[EventDate "1983.01.01"]
[PlyCount "49"]
[EventCategory "5"]
[Source "ChessBase"]
[SourceDate "1999.07.01"]

1. e4 d6 2. d4 Nf6 3. Nc3 g6 4. g3 Bg7 5. Bg2 O-O 6. Nge2 e5 7. O-O Bd7 8. h3
Nc6 9. Be3 exd4 10. Nxd4 Re8 11. Re1 Nxd4 12. Bxd4 h6 13. Qd2 Kh7 14. Rad1 Qc8
15. Kh2 Bc6 16. Qf4 Qe6 17. Nd5 Nh5 18. Qd2 Bxd5 19. exd5 Qd7 20. c4 Bxd4 21.
Qxd4 a5 22. b3 b6 23. g4 Ng7 24. Qd2 Rxe1 25. Rxe1 1/2-1/2

[Event "62nd DEN-ch"]
[Site "Copenhagen DEN"]
[Date "1983.??.??"]
[Round "7"]
[White "Sloth, Joern"]
[Black "Hoei, Carsten"]
[WhiteElo "2380"]
[BlackElo "2370"]
[Result "1/2-1/2"]
[EventDate "1983.01.01"]
[PlyCount "26"]
[EventCategory "5"]
[Source "ChessBase"]
[SourceDate "1999.07.01"]

1. c4 b6 2. d4 e6 3. Nf3 Bb7 4. g3 Bb4+ 5. Bd2 Bxf3 6. exf3 Bxd2+ 7. Qxd2 Ne7
8. d5 O-O 9. Nc3 a5 10. Bh3 Na6 11. O-O Nc5 12. Rad1 Ng6 13. f4 e5 1/2-1/2

[Event "62nd DEN-ch"]
[Site "Copenhagen DEN"]
[Date "1983.??.??"]
[Round "8"]
[White "Brinck-Claussen, Bjoern"]
[Black "Noergaard, Jesper"]
[WhiteElo "2380"]
[BlackElo "2260"]
[Result "0-1"]
[EventDate "1983.01.01"]
[PlyCount "72"]
[EventCategory "5"]
[Source "ChessBase"]
[SourceDate "1999.07.01"]

1. d4 Nf6 2. c4 c5 3. d5 e5 4. Nc3 d6 5. e4 Be7 6. Bd3 O-O 7. h3 Ne8 8. Nf3 Nd7
9. a3 Kh8 10. Be3 g6 11. g4 Ndf6 12. b4 b6 13. Qb1 Ng7 14. a4 Ng8 15. a5 Bd7
16. Ke2 f5 17. gxf5 gxf5 18. axb6 axb6 19. Rxa8 Qxa8 20. Qb2 Qe8 21. Ke1 Qh5
22. Be2 fxe4 23. Ng5 Qh4 24. Ngxe4 Nf5 25. Bc1 Nd4 26. bxc5 bxc5 27. Be3 Bf5
28. Bd3 Nf6 29. Qb1 Nh5 30. Ne2 Nf3+ 31. Kd1 Nf4 32. Bxf4 exf4 33. Qb2+ Ne5 34.
Nxc5 Qxf2 35. Ne6 Bxd3 36. Nxf8 f3 0-1

[Event "62nd DEN-ch"]
[Site "Copenhagen DEN"]
[Date "1983.??.??"]
[Round "8"]
[White "Fries-Nielsen, Jens Ove"]
[Black "Sloth, Joern"]
[WhiteElo "2440"]
[BlackElo "2380"]
[Result "1/2-1/2"]
[EventDate "1983.01.01"]
[PlyCount "30"]
[EventCategory "5"]
[Source "ChessBase"]
[SourceDate "1999.07.01"]

1. e4 c6 2. d4 d5 3. e5 Bf5 4. Nc3 Qb6 5. h4 h6 6. a4 e6 7. a5 Qc7 8. Bd2 Bb4
9. Nce2 Bxd2+ 10. Qxd2 c5 11. Qc3 Nd7 12. Ng3 Ne7 13. b4 c4 14. Nxf5 exf5 15.
Ne2 Nf8 1/2-1/2

[Event "62nd DEN-ch"]
[Site "Copenhagen DEN"]
[Date "1983.??.??"]
[Round "8"]
[White "Hoei, Carsten"]
[Black "Iskov, Gert"]
[WhiteElo "2370"]
[BlackElo "2360"]
[Result "1/2-1/2"]
[EventDate "1983.01.01"]
[PlyCount "71"]
[EventCategory "5"]
[Source "ChessBase"]
[SourceDate "1999.07.01"]

1. d4 Nf6 2. c4 e6 3. Nc3 Bb4 4. e3 c5 5. Bd3 Nc6 6. Nge2 d5 7. O-O O-O 8. a3
Bxc3 9. bxc3 dxc4 10. Bxc4 e5 11. Bb2 Qb6 12. Rb1 Bf5 13. Bd3 Bxd3 14. Qxd3
Rfd8 15. f3 Rac8 16. Kh1 Na5 17. e4 cxd4 18. cxd4 exd4 19. Bxd4 Qe6 20. Qb5 b6
21. Rbd1 Qc4 22. Qg5 h6 23. Qe3 Qa4 24. Qg1 Ne8 25. Nc3 Qxa3 26. Nb5 Qe7 27.
Nxa7 Ra8 28. Nb5 Nc4 29. Nc3 Qb7 30. Nd5 b5 31. Qf2 Ra6 32. f4 f5 33. Bc5 Kh8
34. Nb4 Raa8 35. exf5 Qe4 36. Rfe1 1/2-1/2

[Event "62nd DEN-ch"]
[Site "Copenhagen DEN"]
[Date "1983.??.??"]
[Round "8"]
[White "Jakobsen, Ole"]
[Black "Kristiansen, Jens"]
[WhiteElo "2445"]
[BlackElo "2445"]
[Result "1/2-1/2"]
[EventDate "1983.01.01"]
[PlyCount "58"]
[EventCategory "5"]
[Source "ChessBase"]
[SourceDate "1999.07.01"]

1. d4 f5 2. Nf3 Nf6 3. g3 e6 4. Bg2 d5 5. O-O Bd6 6. c4 c6 7. b3 Qe7 8. Nc3
Nbd7 9. Bf4 Bxf4 10. gxf4 O-O 11. Ne5 Nxe5 12. fxe5 Ne4 13. Nxe4 fxe4 14. Qd2
Bd7 15. Rac1 Rf5 16. f3 exf3 17. Rxf3 Rxf3 18. exf3 Rf8 19. f4 Be8 20. cxd5
cxd5 21. Rc8 Bg6 22. Rxf8+ Qxf8 23. b4 h6 24. a3 Qf5 25. Qe3 Qc2 26. Bf1 Bf5
27. Be2 Qb1+ 28. Bf1 Qd1 29. Kf2 Qc2+ 1/2-1/2

[Event "62nd DEN-ch"]
[Site "Copenhagen DEN"]
[Date "1983.??.??"]
[Round "8"]
[White "Nilsson, Nils Specht"]
[Black "Hansen, Curt"]
[WhiteElo "2255"]
[BlackElo "2450"]
[Result "1/2-1/2"]
[EventDate "1983.01.01"]
[PlyCount "52"]
[EventCategory "5"]
[Source "ChessBase"]
[SourceDate "1999.07.01"]

1. e4 Nf6 2. e5 Nd5 3. d4 d6 4. Nf3 Bg4 5. Be2 e6 6. O-O Be7 7. h3 Bh5 8. c4
Nb6 9. Nbd2 Nc6 10. exd6 cxd6 11. b3 O-O 12. Bb2 d5 13. c5 Nd7 14. a3 f6 15. b4
a6 16. Nh4 Bf7 17. f4 b6 18. Kh1 bxc5 19. dxc5 Qc7 20. Nb3 Rfb8 21. Qd2 Nf8 22.
Rac1 Ng6 23. Nxg6 Bxg6 24. Nd4 Nxd4 25. Qxd4 Be4 26. Bf3 Bxf3 1/2-1/2

[Event "62nd DEN-ch"]
[Site "Copenhagen DEN"]
[Date "1983.??.??"]
[Round "9"]
[White "Kristiansen, Jens"]
[Black "Nilsson, Nils Specht"]
[WhiteElo "2445"]
[BlackElo "2255"]
[Result "1/2-1/2"]
[EventDate "1983.01.01"]
[PlyCount "80"]
[EventCategory "5"]
[Source "ChessBase"]
[SourceDate "1999.07.01"]

1. c4 Nf6 2. Nc3 g6 3. e4 d6 4. d4 Bg7 5. Be2 O-O 6. Nf3 b6 7. O-O Bb7 8. d5
Nbd7 9. Nd4 Rc8 10. Be3 Nc5 11. f3 e5 12. Nc2 a5 13. Na3 Nh5 14. g3 f5 15. exf5
gxf5 16. f4 exf4 17. Bxc5 Nxg3 18. Bf2 Nxf1 19. Qxf1 Be5 20. Bf3 Rf7 21. Nab5
Rg7+ 22. Kh1 Qf6 23. Rd1 Kh8 24. Nd4 Rcg8 25. Nce2 Rg6 26. Qh3 Bc8 27. Rg1
Rxg1+ 28. Bxg1 Rg6 29. Bf2 Rh6 30. Qf1 Kg7 31. b3 Kf8 32. Nc2 Bd7 33. Ne1 Be8
34. Nd3 Bh5 35. Bxh5 Rxh5 36. Nexf4 Rh6 37. Bg3 Ke7 38. Qe2 Kd7 39. Nh5 Qg5 40.
Bxe5 dxe5 1/2-1/2

[Event "62nd DEN-ch"]
[Site "Copenhagen DEN"]
[Date "1983.??.??"]
[Round "9"]
[White "Schandorff, Lars"]
[Black "Hoei, Carsten"]
[WhiteElo "2355"]
[BlackElo "2370"]
[Result "1/2-1/2"]
[EventDate "1983.01.01"]
[PlyCount "36"]
[EventCategory "5"]
[Source "ChessBase"]
[SourceDate "1999.07.01"]

1. c4 g6 2. Nc3 Bg7 3. g3 Nf6 4. Bg2 O-O 5. d4 d6 6. Nf3 Bg4 7. b3 Nc6 8. Bb2
Nd7 9. d5 Bxf3 10. exf3 Na5 11. f4 c5 12. dxc6 bxc6 13. O-O Rb8 14. Qc2 Qc7 15.
Rac1 Rfe8 16. Ne4 Bxb2 17. Qxb2 Nb7 18. Qd2 Nbc5 1/2-1/2

[Event "62nd DEN-ch"]
[Site "Copenhagen DEN"]
[Date "1983.??.??"]
[Round "9"]
[White "Sloth, Joern"]
[Black "Brinck-Claussen, Bjoern"]
[WhiteElo "2380"]
[BlackElo "2380"]
[Result "1/2-1/2"]
[EventDate "1983.01.01"]
[PlyCount "31"]
[EventCategory "5"]
[Source "ChessBase"]
[SourceDate "1999.07.01"]

1. d4 e6 2. Nf3 b6 3. g3 Bb7 4. Bg2 Nf6 5. c4 Be7 6. O-O O-O 7. Nc3 Ne4 8. Nxe4
Bxe4 9. Ne1 Bxg2 10. Nxg2 d5 11. Qa4 Qd7 12. Qxd7 Nxd7 13. cxd5 exd5 14. Bf4
Rac8 15. Rac1 c5 16. dxc5 1/2-1/2

[Event "62nd DEN-ch"]
[Site "Copenhagen DEN"]
[Date "1983.??.??"]
[Round "10"]
[White "Fries-Nielsen, Jens Ove"]
[Black "Schandorff, Lars"]
[WhiteElo "2440"]
[BlackElo "2355"]
[Result "1-0"]
[EventDate "1983.01.01"]
[PlyCount "81"]
[EventCategory "5"]
[Source "ChessBase"]
[SourceDate "1999.07.01"]

1. Nf3 Nf6 2. d4 d5 3. c4 e6 4. Nc3 Be7 5. Bg5 O-O 6. e3 h6 7. Bh4 b6 8. Bxf6
Bxf6 9. cxd5 exd5 10. Bd3 Re8 11. O-O Bb7 12. Qb3 c6 13. Rfe1 Nd7 14. Rad1 Qc7
15. Bb1 Rac8 16. a3 Be7 17. Rc1 Qd6 18. Qc2 Nf8 19. e4 c5 20. exd5 Bxd5 21.
dxc5 Rxc5 22. Rcd1 Qc6 23. Ne5 Qb7 24. b4 Rxc3 25. Qxc3 Bf6 26. f3 Be6 27. Be4
Qb8 28. f4 Nd7 29. Bd5 Nxe5 30. fxe5 Bh4 31. g3 Bxd5 32. Rxd5 Bg5 33. Rd7 Rd8
34. Red1 Rc8 35. Qd4 Re8 36. h4 Rxe5 37. hxg5 Re1+ 38. Kf2 Rxd1 39. Qxd1 Qe5
40. Rd8+ Kh7 41. Qd3+ 1-0

[Event "62nd DEN-ch"]
[Site "Copenhagen DEN"]
[Date "1983.??.??"]
[Round "10"]
[White "Nilsson, Nils Specht"]
[Black "Noergaard, Jesper"]
[WhiteElo "2255"]
[BlackElo "2260"]
[Result "1-0"]
[EventDate "1983.01.01"]
[PlyCount "81"]
[EventCategory "5"]
[Source "ChessBase"]
[SourceDate "1999.07.01"]

1. e4 c5 2. Nf3 e6 3. d4 cxd4 4. Nxd4 Nc6 5. Be3 Nf6 6. Nc3 d6 7. Nb3 Be7 8.
Be2 O-O 9. O-O a6 10. a4 b6 11. f4 Qc7 12. Bf3 Rb8 13. Qe2 Na5 14. Nd2 Nd7 15.
Rfc1 Bf6 16. Nd1 g6 17. c3 Bb7 18. Nf2 Bg7 19. g4 Rbe8 20. Kh1 f5 21. b4 Nc6
22. gxf5 gxf5 23. exf5 Rxf5 24. Rg1 Kh8 25. Nfe4 d5 26. Qg2 Bh6 27. Ng3 Rf7 28.
Bh5 d4 29. Bxf7 dxe3 30. Bxe8 Nf6 31. Bxc6 Qxc6 32. Nde4 Qc4 33. Rad1 Qc8 34.
Rd4 Bxf4 35. Rgd1 Bc7 36. Kg1 e5 37. R4d3 b5 38. Rxe3 Bb6 39. Rde1 Qa8 40. Qf3
Bxe4 41. Qxf6+ 1-0

[Event "62nd DEN-ch"]
[Site "Copenhagen DEN"]
[Date "1983.??.??"]
[Round "10"]
[White "Pedersen, Erik"]
[Black "Hoei, Carsten"]
[WhiteElo "2340"]
[BlackElo "2370"]
[Result "1-0"]
[EventDate "1983.01.01"]
[PlyCount "66"]
[EventCategory "5"]
[Source "ChessBase"]
[SourceDate "1999.07.01"]

1. d4 Nf6 2. Nf3 d6 3. c4 g6 4. Nc3 Bg7 5. h3 O-O 6. Bf4 Nbd7 7. e3 b6 8. Be2
Bb7 9. Qc2 Qe8 10. O-O e5 11. Bh2 Qe7 12. b4 Rfe8 13. Rac1 Bh6 14. c5 exd4 15.
cxd6 cxd6 16. Nxd4 Bxe3 17. Rcd1 Bxd4 18. Rxd4 Rac8 19. Bd3 Ne5 20. Bb5 Red8
21. Qd2 Qc7 22. Rd1 Nf3+ 23. gxf3 Qxc3 24. Qxc3 Rxc3 25. Rxd6 Rxd6 26. Rxd6
Rxf3 27. Be5 Rxh3 28. f3 Kg7 29. Rxf6 Kh6 30. Rxf7 Bxf3 31. Bf4+ g5 32. Rf6+
Kg7 33. Be5 Bg4 1-0

[Event "62nd DEN-ch"]
[Site "Copenhagen DEN"]
[Date "1983.??.??"]
[Round "11"]
[White "Hoei, Carsten"]
[Black "Fries-Nielsen, Jens Ove"]
[WhiteElo "2370"]
[BlackElo "2440"]
[Result "1/2-1/2"]
[EventDate "1983.01.01"]
[PlyCount "30"]
[EventCategory "5"]
[Source "ChessBase"]
[SourceDate "1999.07.01"]

1. d4 Nf6 2. Nc3 d5 3. Bg5 Nbd7 4. Nf3 e6 5. e3 c5 6. Bd3 c4 7. Be2 Bb4 8. O-O
Bxc3 9. bxc3 Qa5 10. Bxf6 Nxf6 11. Qe1 Ne4 12. Nd2 Nxc3 13. Bxc4 Qc7 14. Bd3
Bd7 15. Nf3 f6 1/2-1/2

[Event "62nd DEN-ch"]
[Site "Copenhagen DEN"]
[Date "1983.??.??"]
[Round "11"]
[White "Iskov, Gert"]
[Black "Jakobsen, Ole"]
[WhiteElo "2360"]
[BlackElo "2445"]
[Result "0-1"]
[EventDate "1983.01.01"]
[PlyCount "140"]
[EventCategory "5"]
[Source "ChessBase"]
[SourceDate "1999.07.01"]

1. e4 c5 2. Nf3 d6 3. d4 cxd4 4. Nxd4 Nf6 5. Nc3 a6 6. Be2 e6 7. O-O Be7 8. f4
O-O 9. Be3 Qc7 10. a4 b6 11. Bd3 Bb7 12. Qf3 Nc6 13. Qg3 Nxd4 14. Bxd4 g6 15.
Rae1 Bc6 16. Qh3 e5 17. Be3 b5 18. axb5 axb5 19. f5 b4 20. fxg6 hxg6 21. Bg5
Nh7 22. Bxe7 Qxe7 23. Nd1 Bd7 24. Qh6 Be6 25. b3 Qg5 26. Qxg5 Nxg5 27. Ne3 Kg7
28. Nc4 Rfd8 29. h4 Nh7 30. Ra1 Rxa1 31. Rxa1 Nf6 32. Ra4 Bxc4 33. Bxc4 Nxe4
34. Rxb4 Nc3 35. Rb7 d5 36. Ba6 Rd6 37. Rc7 Ne4 38. Bb7 Nf6 39. Kf2 e4 40. c3
Rb6 41. b4 d4 42. cxd4 Rxb4 43. d5 Ng4+ 44. Kg3 Ne3 45. Kf2 Nf5 46. Bc8 Rb2+
47. Kg1 Rb1+ 48. Kh2 e3 49. Bxf5 e2 50. Re7 e1=Q 51. Rxe1 Rxe1 52. Bg4 Re4 53.
Kh3 Rd4 54. Bf3 f5 55. g3 Kf6 56. Kg2 Rd2+ 57. Kf1 Ke5 58. Ke1 Rb2 59. Kf1 Kd4
60. d6 Kc5 61. d7 Rd2 62. Ke1 Rxd7 63. Ke2 Kd4 64. Bc6 Rc7 65. Bb5 Rc3 66. Kf2
Ke4 67. Be8 Rc2+ 68. Ke1 Ke3 69. Kd1 Rd2+ 70. Ke1 Rg2 0-1

[Event "62nd DEN-ch"]
[Site "Copenhagen DEN"]
[Date "1983.??.??"]
[Round "11"]
[White "Kristiansen, Jens"]
[Black "Pedersen, Erik"]
[WhiteElo "2445"]
[BlackElo "2340"]
[Result "1/2-1/2"]
[EventDate "1983.01.01"]
[PlyCount "52"]
[EventCategory "5"]
[Source "ChessBase"]
[SourceDate "1999.07.01"]

1. e4 c6 2. d4 d5 3. Nd2 dxe4 4. Nxe4 Nf6 5. Nxf6+ exf6 6. c3 Bd6 7. Bd3 O-O 8.
Qc2 g6 9. Ne2 c5 10. Bh6 Re8 11. O-O-O Qa5 12. Kb1 Nc6 13. dxc5 Bxc5 14. Nf4
Ne7 15. b4 Qb6 16. Rhe1 Bg4 17. f3 Bf5 18. Rxe7 Bxe7 19. Bxf5 gxf5 20. Qxf5 Kh8
21. Nd5 Qe6 22. Qxe6 fxe6 23. Nc7 Red8 24. Re1 Rac8 25. Nxe6 Rd5 26. Kc2 Kg8
1/2-1/2

[Event "62nd DEN-ch"]
[Site "Copenhagen DEN"]
[Date "1983.??.??"]
[Round "11"]
[White "Noergaard, Jesper"]
[Black "Hansen, Curt"]
[WhiteElo "2260"]
[BlackElo "2450"]
[Result "1/2-1/2"]
[EventDate "1983.01.01"]
[PlyCount "43"]
[EventCategory "5"]
[Source "ChessBase"]
[SourceDate "1999.07.01"]

1. e4 c6 2. d4 d5 3. exd5 cxd5 4. Bd3 Nf6 5. c3 Nc6 6. Bf4 Bg4 7. Qb3 Na5 8.
Qa4+ Bd7 9. Qc2 a6 10. a4 Nc4 11. b3 Nd6 12. Bxd6 exd6 13. Ne2 g6 14. O-O Bh6
15. a5 O-O 16. c4 Rc8 17. Nbc3 Be6 18. Ra4 Rc6 19. Qa2 Qc7 20. Rb1 Rc8 21. Rb4
Kh8 22. h3 1/2-1/2

[Event "62nd DEN-ch"]
[Site "Copenhagen DEN"]
[Date "1983.??.??"]
[Round "11"]
[White "Sloth, Joern"]
[Black "Nilsson, Nils Specht"]
[WhiteElo "2380"]
[BlackElo "2255"]
[Result "1/2-1/2"]
[EventDate "1983.01.01"]
[PlyCount "61"]
[EventCategory "5"]
[Source "ChessBase"]
[SourceDate "1999.07.01"]

1. c4 c5 2. g3 Nc6 3. Bg2 g6 4. Nc3 Bg7 5. Nf3 e6 6. O-O Nge7 7. d3 O-O 8. Bg5
h6 9. Bd2 b6 10. Qc1 Kh7 11. a3 Bb7 12. b4 d6 13. Rb1 Qd7 14. bxc5 dxc5 15. Nb5
Rad8 16. Bc3 e5 17. a4 a5 18. Qb2 f6 19. Ne1 Nb4 20. Rd1 Bxg2 21. Nxg2 Qe6 22.
f3 Rd7 23. f4 Nec6 24. fxe5 fxe5 25. Rxf8 Bxf8 26. Rf1 Bg7 27. Qd2 Rf7 28. Rxf7
Qxf7 29. Qe3 h5 30. Qe4 Qf6 31. Bd2 1/2-1/2